000 nam a22 a 4500
999 _c4505
_d4505
005 20170530154447.0
008 170530s2009 at ||||| |||| 00| 0 eng d
020 _a9786028411264
040 _aAKMAL
082 _a382.71 PRI
090 _a382.71
_bPRI
245 1 0 _aPrimer on rules on origin :
_bASEAN-Australia-New Zealand free trade area /
_cASEAN. Secretariat
260 _aJakarta :
_bASEAN Secretariat,
_c2009
300 _aviii, 56 p. ;
_c21 cm
650 1 0 _aFree trade
_zSoutheast Asia.
_98720
651 0 _aSoutheast Asia
_xEconomic conditions.
_98721
651 0 _aSoutheast Asia.
_xCommerce.
_98722
651 0 _aSoutheast Asia
_xForeign economic relations
_zAustralia.
_98723
651 0 _aSoutheast Asia
_xForeign economic relations
_zNew Zealand.
_98724
710 2 _aASEAN.
_bSecretariat.
_98725
942 _2ddc
_cBOOK
950 _lAKMAL